Correlation papers ; Cambrian / (Record no. 24261)

MARC details
000 -LEADER
fixed length control field 00875cam a22002651i 4500
001 - CONTROL NUMBER
control field gs 05000660
003 - CONTROL NUMBER IDENTIFIER
control field DLC
005 - DATE AND TIME OF LATEST TRANSACTION
control field 20260227111301.0
008 - FIXED-LENGTH DATA ELEMENTS--GENERAL INFORMATION
fixed length control field 790521s1891 dcuab f000 0 eng
010 ## - LIBRARY OF CONGRESS CONTROL NUMBER
LC control number gs 05000660
035 ## - SYSTEM CONTROL NUMBER
System control number (OCoLC)4986479
040 ## - CATALOGING SOURCE
Original cataloging agency DLC
Transcribing agency ICharE
Modifying agency DLC
043 ## - GEOGRAPHIC AREA CODE
Geographic area code n-us---
050 00 - LIBRARY OF CONGRESS CALL NUMBER
Classification number QE75
Item number .B9 no. 81
051 ## - LIBRARY OF CONGRESS COPY, ISSUE, OFFPRINT STATEMENT
Classification number QE656
Item number .W145
100 1# - MAIN ENTRY--PERSONAL NAME
Personal name Walcott, Charles D.
Fuller form of name (Charles Doolittle),
Dates associated with a name 1850-1927.
245 10 - TITLE STATEMENT
Title Correlation papers ; Cambrian /
Statement of responsibility, etc. by Charles Doolittle Walcott.
260 ## - PUBLICATION, DISTRIBUTION, ETC.
Place of publication, distribution, etc. Washington,
Name of publisher, distributor, etc. Govt. Print. Off.,
Date of publication, distribution, etc. 1891.
300 ## - PHYSICAL DESCRIPTION
Extent 447 p. :
Other physical details iii fold. maps, diagrs. ;
Dimensions 24 cm.
490 1# - SERIES STATEMENT
Series statement U.S. Geological survey. Bulletin
Volume/sequential designation no. 81
500 ## - GENERAL NOTE
General note Literature : p. 19-48.
650 #0 - SUBJECT ADDED ENTRY--TOPICAL TERM
Topical term or geographic name entry element Geology, Stratigraphic
Chronological subdivision Cambrian.
650 #0 - SUBJECT ADDED ENTRY--TOPICAL TERM
Topical term or geographic name entry element Geology
Geographic subdivision United States.
810 1# - SERIES ADDED ENTRY--CORPORATE NAME
Corporate name or jurisdiction name as entry element United States.
Subordinate unit Geological Survey.
Title of a work Bulletin ;
Volume/sequential designation 81.

No items available.

Powered by Koha